000 02667nam a2200229 4500
005 20250329165426.0
008 180709s2018 000 0 eng d
040 _aCO-CtgCURN
_bspa
_ccoctgcurn
082 0 _aDER 2018
_bF632
100 1 _aFloraison Pérez, Rafael Darío.
245 1 2 _a℗ Cuál es la situación actual del derecho a la propia imagen como derecho autónomo con relación a los mecanismos de protección frente a su uso en las redes sociales? /
_cDiego Alejandro Giraldo Soto; Jean Carlos Jiménez Torres; Asesor Juan Carlos Cabarcas Muñiz.
260 _aCartagena de Indias :
_bCorporación Universitaria Rafael Nuñez,
_c2018.
300 _a72 h.
504 _aTrabajo de grado (Derecho). Corporación Universitaria Rafael Nuñez. Facultad de Ciencias de Sociales y Humanas. Derecho, 2018.
520 _aEn Colombia, la utilización de las redes sociales ha sido un auge en la juventud, la cual se ha convertido el medio de interacción entre usuarios o personas. El progreso de la tecnología y avances de software permitió que las redes sociales se convirtieran en un estilo de vida caracterizado por expresar estados de ánimos y divulgación de imágenes que permite crear más allá de toda una imagen sobre las personas en una red. Entonces el derecho a la propia imagen violado desde el momento que suben una imagen sin tu consentimiento comprende una serie de violaciones a tus derechos tales como el de la intimidad, derecho autónomo etc. Con esto el sentido el cual es creado las redes sociales, han perdido su orientación gracias a la práctica indebida de estas, con esto surge la necesidad de crear una norma que regule y de una mejor protección a garantizar los derechos que concurren en el alcance del derecho a la propia imagen. Así da relevancia a los derechos violados y contemplados, pero crear una propuesta que ratifique con base a estos derechos la protección a la propia imagen de una manera más directa o autónomo, así respetando el consentimiento dentro del derecho siendo una figura importante ante la manifestación personal de cada individuo, y saber interpretar hasta qué punto llega el consentimiento expresado en un acto o un comportamiento para ser publicado.
650 0 _aDerecho
_vTesis y disertaciones academicas.
700 1 _aVizcaino Barrios, Antonio de Jesús.
700 1 _aMontes, Ingrid,
_cAsesora.
856 _uhttps://unicurn.sharepoint.com/:b:/s/biblioteca/ETrTOsLbGFtNqbJX2Au8tAgBACNInUFQ6G9KHSPV3F6Wag?e=2F3D2K
_zClick aqui para ver el recurso en texto completo
942 _2ddc
_cTG
_hDER 2018
_iF632
999 _c3570
_d3570